FINANCIAL MANAGEMENT THEORY CONCEPTS AND (Record no. 16590)

MARC details
000 -LEADER
fixed length control field 00377nam a2200145Ia 4500
008 - FIXED-LENGTH DATA ELEMENTS--GENERAL INFORMATION
fixed length control field 240624s9999 xx 000 0 und d
041 ## - LANGUAGE CODE
Language code of text/sound track or separate title eng
082 ## - DEWEY DECIMAL CLASSIFICATION NUMBER
Classification number 658.15 RUS
100 ## - MAIN ENTRY--PERSONAL NAME
Personal name RUSTAGI R P
245 ## - TITLE STATEMENT
Title FINANCIAL MANAGEMENT THEORY CONCEPTS AND
250 ## - EDITION STATEMENT
Edition statement (4th ed.)
260 ## - PUBLICATION, DISTRIBUTION, ETC.
Date of publication, distribution, etc. 2010
Place of publication, distribution, etc. New Delhi
Name of publisher, distributor, etc. Taxmann Publications Pvt Ltd
300 ## - PHYSICAL DESCRIPTION
Extent 968 : p.Exch.
365 ## - TRADE PRICE
Currency code RS
Holdings
Withdrawn status Lost status Damaged status Not for loan Home library Current library Shelving location Date acquired Source of acquisition Cost, normal purchase price Total Checkouts Full call number Barcode Date last seen Date last checked out Copy number Price effective from Koha item type
Store Books       IMTN IMTN Rack 24-A 01/24/2011 FK 446.00 1 658.15 RUS 16590 12/03/2024 11/12/2024 1 06/24/2024 Books
Designed & Maintained by: LRC IMT Nagpur Contact: lrc@imtnag.ac.in© 2024. All Rights Reserved.